00643cam a2200169 a 450000100100000000500170001000800410002704000250006808200240009310000320011724501580014925000230030726000320033030000280036250400260039065000570041600000159720200929145630.0790418s1927 fr a b 000 0 fre  aDO-SdBNPbspacBNPHU a840.09bM866h, 19271 aMornet, Daniel,d1878-1954.10aHistoire de la littérature et de la pensée françaises contemporaines (1870-1925) /cDaniel Mornet ... Quatre planches hors texte (seize portraits). a4a ed. rev. y aum. aParís :bLarousse,c1927. a269 p. :bil. ;c20 cm. aBibliografía: p. 9. 4aLiteratura francesaySIGLO XIXxHistoria y crítica